000 00380nam a2200157Ia 4500
008 231217s9999 xx 000 0 und d
041 _aEnglish
082 _a690 SUS
100 _aSushil Kumar
245 0 _aBuilding construction
250 _a11th ed.
260 _c1985
_bStandard Book House
_aDelhi
300 _axx+840
650 _aBuilding construction
942 _cAA
999 _c170233
_d170233